Score 0/11 Timer 08:00
0 Plays Today
i am fat % Correct
I am the closest planet to the sun???
95.9%
First element on the periodic table???
92.6%
Longest river in the United States???
91.3%
What does the acronym RAM stand for????
57%
Who created this quiz????
42.6%
Lumberjack who had a pet blue ox???
37.6%
Who won the Heisman Trophy in 2012???
14.9%
What game is Shyvana from????
10.3%
Who signed the Magna Carta????
5.4%
What game is Yuffie from????
5%
What is the speed of light????
2.5%

You're not logged in!

Compare scores with friends on all Sporcle quizzes.
OR
Log In

Sporcle TV

Today on Sporcle TV


Watch our educational content, quiz creation guides, and fun videos on Sporcle TV.

Show Comments

Extras

Top Quizzes Today


Score Distribution

Paid Content

Your Account Isn't Verified!

In order to create a playlist on Sporcle, you need to verify the email address you used during registration. Go to your Sporcle Settings to finish the process.

Report this User

Report this user for behavior that violates our Community Guidelines.

Details: